banner koha

Classificação climática para o estado do Amazonas segundo as zonas de vida de Holdridge (Registro n. 331964)

MARC details
000 -LÍDER
fixed length control field 04006nab a2200289 i 4500
003 - CÓDIGO MARC DA AGÊNCIA CATALOGADORA
Campo de controle BR-BrBNA
005 - DATA E HORA DA ÚLTIMA ATUALIZAÇÃO
Campo de controle 20250609165509.0
008 - CAMPO DE TAMANHO FIXO
fixed length control field 250609b2019 bl.ar|pooa||| 00| 0 por |
040 ## - FONTE DA CATALOGAÇÃO
Agência catalogadora BR-BrBNA
Idioma da catalogação por
072 ## - CATEGORIA AGRIS
Código AGRIS P40
100 ## - ENTRADA PRINCIPAL - NOME PESSOAL
Nome pessoal Alves, Rodrigo Condé
100 ## - ENTRADA PRINCIPAL - NOME PESSOAL
Nome pessoal Tres, Andressa
100 ## - ENTRADA PRINCIPAL - NOME PESSOAL
Nome pessoal Soares, Ronaldo Viana
100 ## - ENTRADA PRINCIPAL - NOME PESSOAL
Nome pessoal Wendling, William Thomaz
100 ## - ENTRADA PRINCIPAL - NOME PESSOAL
Nome pessoal Tetto, Alexandre França
245 ## - TÍTULO PRINCIPAL
Título principal Classificação climática para o estado do Amazonas segundo as zonas de vida de Holdridge
500 ## - NOTA GERAL
Nota geral <br/><br/>Publicação online; 23 ref.; 9 illus.; 3 tables; Summaries (En, Pt)
942 ## - ADDED ENTRY ELEMENTS (KOHA)
Koha item type Analítica
520 ## - NOTA DE RESUMO
Nota de conteúdo <br/><br/><br/>RESUMO: As zonas de vida de Holdridge são baseadas nas relações entre precipitação, temperatura, pisos altitudinais e latitude, sendo úteis em aplicações ecológicas, particularmente em áreas tropicais. Objetivou-se com o presente estudo realizar a classificação do clima dos municípios do estado do Amazonas de acordo com as zonas de vida de Holdridge e compará-lo com a classificação de Köppen e de cobertura de vegetação original do estado. As comparações foram realizadas por meio de matrizes de confusão elaboradas com ferramentas de análise espacial. Os resultados indicaram biotemperaturas variando de 22,9 °C a 26,5 °C, se distribuindo de maneira crescente no sentido oeste para leste do estado. Foram encontradas cinco zonas de vida de Holdridge, sendo floresta úmida tropical basal e floresta úmida/floresta muito úmida tropical basal as mais relevantes, ocupando cerca de 85% da área do estado. Três zonas de vida corresponderam em 100% com a classificação climática Af conforme Köppen, sendo que as demais zonas de vida atingiram correspondências superiores a 75% com o mesmo tipo climático. Verificou-se que todas as zonas de vida se enquadraram nas vegetações ombrófila aberta, ombrófila densa e campinarana. Dessa maneira, o sistema de zonas de vida de Holdridge demonstrou-se uma ferramenta importante para a classificação do clima no estado, tendo correspondência com os mapas de vegetação e a classificação climática de Köppen. <br/><br/><br/>PALAVRAS-CHAVE: Climatologia, Biotemperatura, Zoneamento florestal
520 ## - NOTA DE RESUMO
Nota de conteúdo <br/><br/><br/>ABSTRACT: Holdridge life zones are based on the relationships among precipitation, temperature, altitude levels and latitude, and they are useful in ecological applications, particularly in tropical areas. This study aimed to perform a climate classification of the Amazonas State cities according to Holdridge’s life zones and compare it with Köppen classification and original vegetation cover of the state. The comparisons were made using confusion matrices elaborated with spatial analysis tools. The results indicate biotemperatures ranging from 22.9 °C to 26.5 °C, increasing from West to East of the state. Five Holdridge life zones were found, tropical moist forest and tropical moist forest / wet forest, occupying about 85% of the state area. Three life zones corresponded 100% with the climate classification Af according to Köppen, and the other life zones reached correspondences of more than 75% with the same climate type. All life zones were found to be in open ombrophilous, dense ombrophilous and campinarana vegetation. In this way, Holdridge life zone system proved to be an important tool for climate classification in the state, corresponding to vegetation maps and to the Köppen climate classification.<br/><br/><br/><br/>KEYWORD: Climatology, Biotemperature, Forestry zoning
650 ## - ASSUNTO - THESAGRO
Cabeçalho tópico ou nome geográfico CLIMATOLOGIA
650 ## - ASSUNTO - THESAGRO
Cabeçalho tópico ou nome geográfico ZONEAMENTO FLORESTAL
650 ## - ASSUNTO - THESAGRO
Cabeçalho tópico ou nome geográfico AMAZONAS
773 0# - ENTRADA ANALÍTICA
Host Biblionumber 3551
Registro do item 345997
Imprenta Belém-PA Faculdade de Ciências Agrárias do Pará 1999
Outro identificador 2024-6646
Título Revista de Ciências Agrárias (Brazil)
ISSN 1517-591X Impresso/Versão online ISSN 2177-8760
Colação v. 62 p. 1-12; (2019)
Número de controle de registro BR2025001465
856 ## - ACESSO E ENDEREÇO ELETRÔNICO
Identificador uniforme de recurso - URI https://ajaes.ufra.edu.br/index.php/ajaes/article/view/3095/1570

Nenhum exemplar disponível.

BINAGRI

Telefone: (61)3218-2567/2388/3357/2097 - binagri@agro.gov.br

Ministério da Agricultura e Pecuária , Esplanada dos Ministérios, Bloco D, Anexo B, Brasília/DF, CEP: 70.043-900